01016 2200361 4500001002100000005001500021007000300036008004100039020002200080035002000102040001700122041000800139082001000147084001600157090002200173100002900195245007600224250001300300264004000313300003500353336002100388337003000409338002300439500002000462504002500482650001600507700003800523850001000561990002200571990001700593990002200610990002200632INLIS00000000000855720260519081152ta260519 0  a978-602-8570-01-5 a0010-0922001046 aSBPUPADbeng07aeng a610.7 a610.7 ARI p a658.8 PER b L21-6 aArif MuttaqinePengarang1 aPengkajian Keperawatan :bAplikasi pada Praktik Klinik /cArif Muttaqin a.-Jil. 1 a.--Jakarta :bSalemba Medika,c2010 a358 hlm :bilus. ;c19 x 26 cm 2rdacontentateks 2rdamediaatanpa perantara 2rdacarrieravolume aIndeks, hlm I-1 aBibliografi, hlm D-1 4aKeperawatan0 aEditor, Sally CarolinaePengarang aPUPAD a12515/H/KAPD/2010 a12516/H/KAPD a12517/H/KAPD/2010 a12518/H/KAPD/2010